Statistics for Danube Countries

Click here to take the quiz!

General Stats

  • This quiz has been taken 24,389 times
  • The average score is 9 of 10

Answer Stats

Country % Correct
Austria
96%
Germany
95%
Hungary
95%
Romania
91%
Slovakia
90%
Serbia
85%
Bulgaria
85%
Croatia
80%
Ukraine
73%
Moldova
69%

Score Distribution

Percentile by Number Answered

Percent of People with Each Score

Your Score History

You have not taken this quiz